Central Library OPAC University of Rajshahi

The Cambridge economic history of India / (Record no. 76199)

MARC details
000 -LEADER
fixed length control field 00992nam a2200277 a 4500
001 - CONTROL NUMBER
control field 76199
003 - CONTROL NUMBER IDENTIFIER
rucl marc code BD-RjUL
005 - DATE AND TIME OF LATEST TRANSACTION
control field 20211209082816.0
008 - FIXED-LENGTH DATA ELEMENTS--GENERAL INFORMATION
fixed length control field 191111r19871982uk a b 001 0 eng d
020 ## - INTERNATIONAL STANDARD BOOK NUMBER
International Standard Book Number 0521226929
035 ## - SYSTEM CONTROL NUMBER
System control number (BD-RjUL)76420
040 ## - CATALOGING SOURCE
Original cataloging agency DLC
Transcribing agency DLC
Modifying agency DLC
-- BD-RjUL
Language of cataloging eng
041 ## - LANGUAGE CODE
Language code of text/sound track or separate title eng
082 00 - DEWEY DECIMAL CLASSIFICATION NUMBER
Classification number 330.954
Author mark and year CAM V-1 1987
245 04 - TITLE STATEMENT
Title The Cambridge economic history of India /
Statement of responsibility, etc. General editors: Dharma Kumar and Tapan Raychaudhuri
260 ## - PUBLICATION, DISTRIBUTION, ETC. (IMPRINT)
Place of publication, distribution, etc. Cambridge :
-- Cambridge University Press,
Name of publisher, distributor, etc. 1982 [Reprinted 1987]
300 ## - PHYSICAL DESCRIPTION
Pagination v. :
Illustrations ill. ;
Size 24 cm.
504 ## - BIBLIOGRAPHY, ETC. NOTE
Bibliography, etc Includes bibliography and Index
505 0# - FORMATTED CONTENTS NOTE
Formatted contents note Vol. 1: c.1200-c.1750 / edited by Tapan Raychaudhuri and Irfan Habib --
651 #0 - SUBJECT ADDED ENTRY--GEOGRAPHIC NAME
Geographic name India
General subdivision Economic conditions.
Chronological subdivision c. 1200 - c. 1970
9 (RLIN) 62783
700 1# - ADDED ENTRY--PERSONAL NAME
Personal name Kumar, Dharma, Gen. ed.
Personal name Raychaudhuri, Tapan, jt. Gen. ed.
Personal name Habib, Irfan, ed.
Dates associated with a name 1931-
942 ## - ADDED ENTRY ELEMENTS (KOHA)
Source of classification or shelving scheme Dewey Decimal Classification
Koha item type Rare Books
Holdings
Lost status Source of classification or shelving scheme Damaged status Not for loan Collection code Permanent Location Current Location Shelving location Date acquired Source of acquisition Cost, normal purchase price Total Checkouts Full call number Date last seen Copy number Koha item type
  Dewey Decimal Classification   Not For Loan Rare Books Central Library, University of Rajshahi Central Library, University of Rajshahi Rare Book Section 02/08/1988 Manik Brothers, 55.00   RA 330.954 CAM V-1 1987 11/11/2019 C-1 Rare Books